000 01288nam a2200337 a 4500
001 000112887
003 CHAP
005 20220329144326.0
008 170201s2016 mx sm |||||||spa d
010 _a109348
011 _a110320
040 _cCHAP
090 _aTesis
100 1 _aVargas Barreto, Gabriela
_9131428
245 1 0 _aRespuesta del Lisianthus (Eustoma grandiflorum [Raf.] Shinn) a aplicaciones de reguladores del crecimiento
_h[En línea]
_cpor Gabriela Vargas Barreto.
260 _aChapingo, Méx. :
_bEl autor,
_c2016.
500 _aPara ver el contenido del material haga clic en la liga
502 _aTesis (Agr. en Horticultura Protegida) -- UACH. Departamento de Fitotecnia
590 _aBATCH-UPD
_b05
_c20170201
_lUCH01
_h0910
590 _aE5765TAJ
_b05
_c20170201
_lUCH01
_h0909
590 _aE5765TAJ
_b05
_c20170201
_lUCH01
_h0909
650 1 4 _aAcido giberélico
_xEfecto en plantas
_9587
650 1 4 _aDiagnóstico foliar.
_932394
650 1 4 _aEustoma glandiflorum
_xCrecimietno.
_9130912
650 1 4 _aPlantas
_xCrecimiento
_xAditivos.
_988804
650 1 4 _aReguladores de crecimiento de las plantas
_xAnálisis.
_9131429
856 _aFinding aid
_uhttp://10.13.5.2/tesis/sist112887.pdf
_zTeclea aquí
901 _aBK
942 _cTESIS
942 _n0
999 _c109348
_d109348